[Event "Porto Alegre Gaucho op"]
[Site "Porto Alegre"]
[Date "2015.11.02"]
[Round "5"]
[White "Pereira, Armando Lindolfo"]
[Black "Bueno, Jair Cardona"]
[Result "1/2-1/2"]
[WhiteElo "1740"]
[BlackElo "1909"]
[PlyCount "89"]
[EventDate "2015.10.31"]
[EventType "swiss"]
[EventRounds "6"]
[EventCountry "BRA"]
[SourceTitle "CBM 169 Extra"]
[Source "ChessBase"]
[SourceDate "2015.12.18"]
[SourceVersion "1"]
[SourceVersionDate "2015.12.18"]
[SourceQuality "1"]

1. f4 g6 2. Nf3 Nf6 3. b3 Bg7 4. Bb2 d5 5. e3 b6 6. Be2 Bb7 7. 0-0 Nbd7 8. a4 a6 9. Qe1 e6 10. c4 c5 11. Na3 0-0 12. Nc2 Rc8 13. Rb1 Ne4 14. Bxg7 Kxg7 15. d3 Nd6 16. Ne5 f6 17. Nxd7 Qxd7 18. Bg4 f5 19. Qc3+ Kg8 20. Bf3 a5 21. Rfd1 Qg7 22. Qxg7+ Kxg7 23. h4 h6 24. Kf2 g5 25. hxg5 hxg5 26. g3 g4 27. Bg2 Rh8 28. Rh1 Rxh1 29. Rxh1 Rh8 30. Rxh8 Kxh8 31. Na3 Kg7 32. Nb1 Kf6 33. Nc3 d4 34. exd4 cxd4 35. Nb5 Nxb5 36. axb5 Bxg2 37. Kxg2 Ke7 38. Kf2 Kd6 39. Ke1 e5 40. fxe5+ Kxe5 41. Ke2 Kd6 42. Kf2 Kc5 43. Ke2 Kb4 44. Kd2 Kc5 45. Ke2 1/2-1/2

[Event "Porto Alegre Gaucho op"]
[Site "Porto Alegre"]
[Date "2015.11.01"]
[Round "3"]
[White "Pereira, Armando Lindolfo"]
[Black "Martins, Anderson Donay"]
[Result "0-1"]
[WhiteElo "1740"]
[BlackElo "2027"]
[PlyCount "90"]
[EventDate "2015.10.31"]
[EventType "swiss"]
[EventRounds "6"]
[EventCountry "BRA"]
[SourceTitle "CBM 169 Extra"]
[Source "ChessBase"]
[SourceDate "2015.12.18"]
[SourceVersion "1"]
[SourceVersionDate "2015.12.18"]
[SourceQuality "1"]

1. Nf3 c5 2. c4 Nc6 3. Nc3 e6 4. g3 Be7 5. Bg2 d6 6. b3 Nf6 7. 0-0 e5 8. Bb2 h6 9. d3 Be6 10. Qd2 Qd7 11. e3 Bh3 12. Nd5 Nxd5 13. cxd5 Nb4 14. e4 h5 15. a3 Na6 16. Bxh3 Qxh3 17. Ng5 Bxg5 18. Qxg5 h4 19. f3 hxg3 20. Qxg3 g5 21. Qxh3 Rxh3 22. Kg2 Rh7 23. h3 Kd7 24. Bc1 f6 25. Be3 Nc7 26. Rac1 Rhh8 27. Rc2 b6 28. Rfc1 Rhb8 29. d4 Ne8 30. dxe5 dxe5 31. h4 gxh4 32. Rh1 Nd6 33. Rxh4 Rh8 34. Rxh8 Rxh8 35. Bf2 Rg8+ 36. Kh3 Nb5 37. a4 Nd4 38. Rc3 Kd6 39. Re3 f5 40. Kh2 f4 41. Rc3 a6 42. Bh4 b5 43. a5 b4 44. Rd3 c4 45. bxc4 b3 0-1

[Event "Porto Alegre Oncosinos op"]
[Site "Porto Alegre"]
[Date "2015.09.05"]
[Round "2"]
[White "Pereira, Armando Lindolfo"]
[Black "Boabaid, Jorge Alberto Duard"]
[Result "1-0"]
[WhiteElo "1711"]
[BlackElo "1904"]
[PlyCount "95"]
[EventDate "2015.09.04"]
[EventType "swiss"]
[EventRounds "7"]
[EventCountry "BRA"]
[SourceTitle "EXT 2016"]
[Source "ChessBase"]
[SourceDate "2015.10.08"]
[SourceVersion "1"]
[SourceVersionDate "2015.10.08"]
[SourceQuality "1"]

1. Nf3 Nf6 2. c4 c5 3. g3 Nc6 4. Bg2 e6 5. 0-0 d5 6. cxd5 exd5 7. d4 cxd4 8. Nxd4 Bc5 9. Nb3 Bb6 10. Bg5 Be6 11. Nc3 h6 12. Bxf6 Qxf6 13. Nxd5 Qxb2 14. Nxb6 axb6 15. Qc1 Qa3 16. Bxc6+ bxc6 17. Qxc6+ Ke7 18. Qc7+ Kf6 19. Qxb6 Rhb8 20. Qd4+ Kg6 21. Nc5 Rd8 22. Qe4+ Bf5 23. Qe3 Bh3 24. Qxa3 Rxa3 25. Rfd1 Rxa2 26. Nd3 Rxa1 27. Rxa1 Bf5 28. Nf4+ Kh7 29. f3 g5 30. Ng2 Rd2 31. Kf2 Rb2 32. Rd1 Be6 33. Ne3 Ra2 34. Rh1 f5 35. Rc1 Ra6 36. Ng2 Kg6 37. h4 Rb6 38. hxg5 hxg5 39. Rc2 Kf6 40. Ne3 Ra6 41. Rc5 Rd6 42. Nc4 Ra6 43. Ne5 Ra4 44. Nd3 Ra6 45. Rc7 Rd6 46. Nc5 Bg8 47. g4 Rb6 48. Nd7+ 1-0

[Event "Porto Alegre Oncosinos op"]
[Site "Porto Alegre"]
[Date "2015.09.05"]
[Round "3"]
[White "Pertuzatti, Daniel"]
[Black "Pereira, Armando Lindolfo"]
[Result "1-0"]
[WhiteElo "1946"]
[BlackElo "1711"]
[PlyCount "77"]
[EventDate "2015.09.04"]
[EventType "swiss"]
[EventRounds "7"]
[EventCountry "BRA"]
[SourceTitle "EXT 2016"]
[Source "ChessBase"]
[SourceDate "2015.10.08"]
[SourceVersion "1"]
[SourceVersionDate "2015.10.08"]
[SourceQuality "1"]

1. e4 e6 2. Qe2 c5 3. Nf3 Nc6 4. g3 g6 5. d3 Bg7 6. c3 Nge7 7. Bg2 d6 8. h4 h5 9. Na3 Bd7 10. Nc4 Qc7 11. Bf4 e5 12. Bg5 f6 13. Bd2 Be6 14. 0-0-0 d5 15. exd5 Nxd5 16. Nh2 0-0-0 17. f4 Bf5 18. fxe5 fxe5 19. Bg5 Rd7 20. g4 hxg4 21. Nxg4 Nf4 22. Bxf4 exf4 23. Qf3 Rhd8 24. Nf2 Na5 25. Na3 a6 26. Ne4 Kb8 27. h5 gxh5 28. Rxh5 Bxe4 29. Qxe4 Re7 30. Qg6 f3 31. Bf1 Rf8 32. Rf5 Rxf5 33. Qxf5 Rf7 34. Qg4 b5 35. Kc2 b4 36. Nc4 Nc6 37. Qe4 a5 38. Qe8+ Ka7 39. Nd6 1-0